[Event "11th Kesarovski-Stanchev Mem"]
[Site "Sunny Beach BUL"]
[Date "2012.09.06"]
[Round "6.18"]
[White "Cioara,A"]
[Black "Zidek,V"]
[Result "0-1"]
[WhiteElo "2496"]
[BlackElo "2189"]

1.d4 e6 2.c4 Nf6 3.g3 c5 4.d5 exd5 5.cxd5 b5 6.Bg2 d6 7.a4 b4 8.Nd2 g6 9.b3 Bg7
10.Bb2 O-O 11.Nc4 Ba6 12.Qc2 Qe7 13.e3 Nbd7 14.Rd1 Bxc4 15.bxc4 a5 16.Ne2 Nb6
17.O-O Rfe8 18.Nf4 Ne4 19.Bxg7 Kxg7 20.Ne6+ fxe6 21.Bxe4 e5 22.h4 Nd7 23.Bg2 e4
24.Bh3 Nb6 25.Be6 Qf6 26.f3 exf3 27.Qe4 Rf8 28.Rd2 Nxa4 29.Rdf2 Nc3 30.Qg4 h5
31.Qh3 Qe5 32.Rxf3 Rxf3 33.Rxf3 a4 34.g4 hxg4 35.Qxg4 Rf8 36.Rxf8 Kxf8 37.Qf3+ Kg7
38.Qf7+ Kh6 39.Qf8+ Qg7 40.Qf4+ Kh7 41.Kh1 a3 42.h5 a2 43.Qf1 Ne4 44.hxg6+ Qxg6
45.Qa1 Qh6+ 46.Kg2 Qg7+  0-1

[Event "11th Istanbul Open A"]
[Site "Istanbul TUR"]
[Date "2012.09.07"]
[Round "8"]
[White "Raetsky,A"]
[Black "Marasli,T"]
[Result "1-0"]
[WhiteElo "2445"]
[BlackElo "2179"]

1.d4 Nf6 2.c4 e6 3.g3 c5 4.Nf3 cxd4 5.Nxd4 Nc6 6.Bg2 a6 7.O-O Bc5 8.Nb3 Ba7
9.Nc3 O-O 10.c5 b6 11.cxb6 Bxb6 12.Bf4 d5 13.e4 Ne7 14.Bg5 Nxe4 15.Nxe4 dxe4
16.Bxe4 Ra7 17.Qh5 f5 18.Rad1 Qe8 19.Qxe8 Rxe8 20.Bg2 Bb7 21.Rfe1 Bxg2 22.Kxg2 Kf7
23.Be3 Bxe3 24.Rxe3 Nd5 25.Re2 Rc7 26.Nd4 Kf6 27.Nxf5 Kxf5 28.Rxd5+ exd5
29.Rxe8 Rc2 30.Rb8 Ke4 31.a4 d4 32.a5 d3 33.Rb4+ Kd5 34.Kf3 d2 35.Ke2 d1=Q+
36.Kxd1 Rxf2 37.h4 Rg2 38.Rb6 Rxg3 39.Rxa6 Rh3 40.Ra7 Rxh4 41.Rxg7 Kc6 42.Kc2 Kb5
43.Rg5+ Ka6 44.Kc3 Rh1 45.Kb4 Rh4+ 46.Ka3 Rf4 47.Rh5 Rf7 48.Ka4 Rg7 49.Rh6+ Ka7
50.b4 Rb7 51.b5 Rg7 52.a6 Ka8 53.Ka5 Kb8 54.Rf6 Rg8 55.Rf7 h5 56.a7+ Ka8
57.Ka6  1-0

[Event "3rd Livigno Open A"]
[Site "Livigno ITA"]
[Date "2012.09.12"]
[Round "4.13"]
[White "Neelotpal,D"]
[Black "Antipov,M2"]
[Result "0-1"]
[WhiteElo "2473"]
[BlackElo "2457"]

1.d4 Nf6 2.g3 e6 3.c4 c5 4.d5 exd5 5.cxd5 b5 6.Bg2 d6 7.b3 g6 8.Bb2 Bg7 9.a4 b4
10.Nd2 O-O 11.Nc4 Re8 12.e3 Qc7 13.Ne2 Nbd7 14.a5 Ba6 15.O-O Rab8 16.Qc2 Bxc4
17.Qxc4 Qc8 18.Rfc1 Qb7 19.Nf4 Ne5 20.Qc2 Rbc8 21.Qe2 Rc7 22.Rc2 Qb8 23.Rac1 Rce7
24.Bf1 Ne4 25.Bg2 Nd7 26.Bxg7 Kxg7 27.h4 Nc3 28.Qd2 h5 29.Ne2 Ne4 30.Qd1 Qb5
31.Ra1 Ndf6 32.Nf4 Nc3 33.Qd2 Nfe4 34.Qc1 Re5 35.Bf1 Qd7 36.Bc4 Qg4 37.Bf1 Nxg3
38.fxg3 Rxe3 39.Rg2 Rxg3 40.Qd2 Rxg2+ 41.Nxg2 Ne2+  0-1

[Event "TCh-NED Meesterklasse 2012-13"]
[Site "Den Bosch NED"]
[Date "2012.09.15"]
[Round "1.9"]
[White "Clijsen,M"]
[Black "Van der Poel,H"]
[Result "1/2-1/2"]
[WhiteElo "2172"]
[BlackElo "2309"]

1.d4 Nf6 2.c4 e6 3.g3 c5 4.Nf3 cxd4 5.Nxd4 Bb4+ 6.Bd2 Qb6 7.Bxb4 Qxb4+ 8.Nd2 d5
9.Qb3 Qxb3 10.N4xb3 Ke7 11.Bg2 Rd8 12.Rc1 Nc6 13.O-O a5 14.a4 Ra6  1/2-1/2

[Event "TCh-CHN 2012"]
[Site "Hangzhou CHN"]
[Date "2012.09.23"]
[Round "12"]
[White "Wen Yang"]
[Black "Yu Yangyi"]
[Result "1/2-1/2"]
[WhiteElo "2549"]
[BlackElo "2615"]

1.d4 Nf6 2.c4 e6 3.g3 c5 4.Nf3 cxd4 5.Nxd4 Qc7 6.Nd2 a6 7.Bg2 Nc6 8.Nc2 b6
9.O-O Bb7 10.b3 Be7 11.Bb2 O-O 12.Rc1 d6 13.Ne4 Nxe4 14.Bxe4 Ne5 15.Bxb7 Qxb7
16.Ne3 Rfd8 17.Qd2 h5 18.h4 Bf6 19.Rfd1 Rac8 20.Rc2 Rc6 21.Rdc1 Rdc8 22.Ng2 Nd7
23.Bxf6 Nxf6 24.Qd3 Qc7 25.Ne3 Qb7 26.Ng2 Qc7 27.Ne3 Qb7 28.Ng2 Qc7 29.Ne3 Qb7
30.Ng2 Qc7  1/2-1/2

[Event "30th Balaton GM"]
[Site "Heviz HUN"]
[Date "2012.09.26"]
[Round "4.3"]
[White "Ashwin,J"]
[Black "Bures,J"]
[Result "1/2-1/2"]
[WhiteElo "2473"]
[BlackElo "2381"]

1.d4 Nf6 2.c4 e6 3.g3 c5 4.d5 exd5 5.cxd5 b5 6.Nf3 Bb7 7.e4 Nxe4 8.Bxb5 Qa5+
9.Nfd2 Bxd5 10.O-O Qxb5 11.Nxe4 Qc6 12.Nbc3 Be6 13.Bf4 d5 14.Ng5 Nd7 15.Re1 Be7
16.Nxe6 fxe6 17.Nxd5 exd5 18.Qe2 Qf6 19.Qh5+ Qf7 20.Rxe7+ Kxe7 21.Bd6+ Kf6
22.Qf3+ Kg6 23.Qg4+ Kf6 24.Qf4+ Kg6  1/2-1/2

[Event "TCh-FIN SM 2012-13"]
[Site "Jyvaskyla FIN"]
[Date "2012.09.30"]
[Round "3.2"]
[White "Kauppila,O"]
[Black "Mertanen,J"]
[Result "1/2-1/2"]
[WhiteElo "2280"]
[BlackElo "2390"]

1.d4 Nf6 2.c4 e6 3.g3 c5 4.d5 exd5 5.cxd5 d6 6.Nc3 g6 7.Nf3 Bg7 8.Bg2 O-O
9.O-O a6 10.a4 Nbd7 11.Bf4 Qc7  1/2-1/2

[Event "TCh-Belgrade Premier 2012"]
[Site "Belgrade SRB"]
[Date "2012.10.01"]
[Round "1.4"]
[White "Kovacic,M"]
[Black "Pantovic,D"]
[Result "1/2-1/2"]
[WhiteElo "2157"]
[BlackElo "2138"]

1.c4 e6 2.d4 Nf6 3.g3 c5 4.Nf3 cxd4 5.Nxd4 Bb4+ 6.Bd2 Qb6 7.e3 Nc6 8.Nb3 a5
9.Bg2 Ne5 10.Qc2 d5 11.c5 Qb5 12.Bf1 Nf3+ 13.Kd1 Qc6 14.a4 O-O 15.Bb5 Qc7
16.Ke2 Nxd2 17.N1xd2 e5 18.f3 e4 19.f4 Bg4+ 20.Kf2 Bh3 21.Be2 Rac8 22.Rac1 Rfd8
23.Kg1 Nd7 24.Kf2 Nxc5 25.Nd4 Qb6 26.Qd1 Ne6 27.N2b3 Nxd4 28.Qxd4 Qxd4 29.Nxd4 Bd7
30.Bb5 Bxb5 31.axb5 Kf8 32.Ke2 g6 33.Nb3 Rxc1 34.Rxc1 Ke7 35.Rc7+ Rd7 36.Rc8 Kd6
37.b6 Ke7 38.Nd4 Rd8 39.Rc7+ Rd7  1/2-1/2

[Event "TCh-AUT 2 East 2012-13"]
[Site "Austria AUT"]
[Date "2012.10.06"]
[Round "1.4"]
[White "Kleiser,G"]
[Black "Neumeier,K"]
[Result "1/2-1/2"]
[WhiteElo "2286"]
[BlackElo "2255"]

1.d4 Nf6 2.c4 e6 3.g3 c5 4.Nf3 cxd4 5.Nxd4 d5 6.Bg2 e5 7.Nf3 d4 8.O-O Nc6
9.e3 Be7 10.exd4 exd4 11.Nbd2 O-O 12.Re1 Bf5 13.Ne5 Rc8 14.Nxc6 bxc6 15.Qa4 Qd7
16.Nf3 Rfe8 17.Ne5 Bd6 18.Bf4 Qc7 19.Nxc6 Bd7 20.Rxe8+ Bxe8 21.Bxd6 Qxd6
22.Qa6 Rxc6 23.Bxc6 Bxc6 24.Qc8+ Ne8 25.Re1 Kf8 26.Qf5 g6 27.Qg5 Ng7 28.Qe5 Qxe5
29.Rxe5 Bf3 30.Kf1 Nf5 31.Ke1  1/2-1/2

[Event "TCh-NED Meesterklasse 2012-13"]
[Site "Netherland NED"]
[Date "2012.10.06"]
[Round "2.6"]
[White "Wempe,Jo"]
[Black "Admiraal,M"]
[Result "1/2-1/2"]
[WhiteElo "2280"]
[BlackElo "2293"]

1.d4 Nf6 2.c4 e6 3.g3 c5 4.d5 exd5 5.cxd5 d6 6.Bg2 g6 7.Nf3 Bg7 8.O-O O-O
9.Nc3 a6 10.a4 Re8 11.Bf4 Ne4 12.Nd2 Nxc3 13.bxc3 g5 14.Be3 Qe7 15.Qc2 Nd7
16.Rfe1 Ne5 17.Nf3 h6 18.Nxe5 Qxe5 19.Bd2 Bg4 20.a5 Re7 21.Ra3 Rae8 22.c4 Qf5
23.Qxf5 Bxf5 24.e3 Bf6 25.Bc3 Bxc3 26.Rxc3 Rb8 27.Rb3 Bc2 28.Rb6 Rd8 29.Bh3 Bd3
30.Rc1 Re4 31.Rc3 Be2 32.Bf1 Bxf1 33.Kxf1 Re7 34.Rcb3 Rdd7 35.f3 Kg7 36.Kf2 f5
37.h3 Kf6 38.Rb1 Rf7 39.R6b3 Rfe7 40.Re1 Re8 41.Rb2 Rf7 42.Rbe2 Ke5 43.f4+ Kf6
44.e4 gxf4 45.gxf4 fxe4 46.Rxe4 Rxe4 47.Rxe4 Kf5 48.Kf3 b5 49.axb6 Rb7 50.Re8 Rxb6
51.Rf8+ Kg6 52.f5+ Kg7 53.Rc8 Rb3+ 54.Kg4 Rc3 55.Rd8 Rxc4+ 56.Kh5 Rf4 57.Rd7+ Kf6
58.Rxd6+ Kxf5 59.Rxa6 Ke4 60.Rxh6 Kxd5 61.Kg5 Rf1 62.Rh8 c4 63.h4 c3 64.Rc8 Kd4
65.h5 Kd3 66.h6 c2 67.h7 Rg1+ 68.Kf6 Rh1 69.Kg7 Rxh7+  1/2-1/2

[Event "TCh-AUT 2 East 2012-13"]
[Site "Austria AUT"]
[Date "2012.10.07"]
[Round "2.5"]
[White "Leitner,G"]
[Black "Kirschner,A"]
[Result "0-1"]
[WhiteElo "2206"]
[BlackElo "2281"]

1.d4 e6 2.c4 Nf6 3.g3 c5 4.d5 exd5 5.cxd5 b5 6.Bg2 d6 7.Nf3 g6 8.O-O Bg7
9.e4 O-O 10.Nbd2 Re8 11.Re1 Bb7 12.a4 a6 13.Bf1 c4 14.axb5 axb5 15.Rxa8 Bxa8
16.b4 Qb6 17.Qc2 Na6 18.Ba3 Ng4 19.Nb1 f5 20.Bh3 Nc7 21.Nc3 Qxf2+ 22.Qxf2 Nxf2
23.Kxf2 Bxc3 24.Re3 Bf6 25.exf5 Rxe3 26.Kxe3 Nxd5+ 27.Kf2 Bc6 28.fxg6 hxg6
29.Be6+ Kf8 30.Ke2 Ke7 31.Bxd5 Bxd5 32.Nh4 Bf7 33.Ke3 d5 34.Nf3 Be8 35.Nd4 Bg5+
36.Ke2 Bd7 37.Bb2 Bf6 38.Bc3 Bg5 39.Kf3 Kd6 40.Kf2 Bh6 41.Ke2 Bf8 42.Kf2 Be7
43.Kf3 g5 44.Ke3 Kc7 45.Kf3 Kd8 46.Ke3 Ke8 47.Kf3 Kf7 48.Ke3 Kg6 49.Kf3 g4+
50.Ke3 Bg5+ 51.Ke2 Kf7 52.Kf2 Ke7 53.Ke2 Kd6 54.Kf2 Bc1 55.Ke2 Bh6 56.Kf2 Ke5
57.Nxb5+ Ke4 58.Nd6+ Kd3 59.Be5 Be3+ 60.Kg2 c3  0-1

[Event "NIT Nagpur GM Open 2012"]
[Site "Nagpur IND"]
[Date "2012.10.16"]
[Round "1.14"]
[White "Harikrishna. S. R."]
[Black "Laxman,R"]
[Result "0-1"]
[WhiteElo "1980"]
[BlackElo "2474"]

1.d4 Nf6 2.c4 e6 3.g3 c5 4.d5 exd5 5.cxd5 d6 6.Nc3 g6 7.Bg2 Bg7 8.Nf3 O-O
9.O-O Na6 10.Nd2 Nc7 11.a4 b6 12.Nc4 Ba6 13.Qb3 Bxc4 14.Qxc4 a6 15.Rb1 Nd7
16.Bf4 Ne5 17.Bxe5 Bxe5 18.b4 Qd7 19.bxc5 bxc5 20.Ne4 Rab8 21.Nd2 a5 22.Qc2 Rb4
23.Nc4 Qxa4 24.Qxa4 Rxa4 25.Nxe5 dxe5 26.Rb7 Ne8 27.Rc1 Nf6 28.Rxc5 Ra1+
29.Bf1 Ne4 30.Rc2 Rd1 31.Rbb2 Rxd5 32.e3 Rfd8 33.Bc4 Rd1+ 34.Kg2 R1d2 35.Kf3 Rxc2
36.Rxc2 Nd2+ 37.Ke2 Nxc4 38.Rxc4 Ra8 39.Ra4 f5 40.e4 Kf7 41.f4 Ke6 42.Ke3 exf4+
43.Kxf4 fxe4 44.Kxe4 Kd6 45.Kd4 Kc6 46.Kc4 Ra7 47.Kb3 Kb5 48.Re4 Kc5 49.h4 Kd5
50.Rg4 Re7 51.Ra4 Rb7+ 52.Ka3 Ra7 53.Rg4 Ke5 54.Ka4 Ra8 55.Rf4 h6 56.Rc4 g5
57.hxg5 hxg5 58.Rc5+ Kf6 59.g4 Re8 60.Rxa5 Re4+ 61.Kb3 Rxg4 62.Kc3 Re4 63.Kd3 Re1
64.Kd2 Re8 65.Ra3 Kf5 66.Re3 Rxe3 67.Kxe3 Kg4 68.Kf2 Kh3  0-1

[Event "NIT Nagpur GM Open 2012"]
[Site "Nagpur IND"]
[Date "2012.10.18"]
[Round "5.14"]
[White "Krishna,CRG"]
[Black "Akshayraj,K"]
[Result "1/2-1/2"]
[WhiteElo "2326"]
[BlackElo "2472"]

1.d4 Nf6 2.c4 e6 3.g3 c5 4.Nf3 cxd4 5.Nxd4 Bb4+ 6.Bd2 Bc5 7.Nb3 Be7 8.Nc3 d6
9.Bg2 O-O 10.O-O Nc6 11.Rc1 a6 12.e4 Ne5 13.Qe2 Qc7 14.Na4 Qc6 15.Nc3 Qc7
16.Nd1 Bd7 17.f4 Ng6 18.Be3 Rac8 19.Nf2 Qb8 20.Rfd1 Ba4 21.Nd3 Rfe8 22.Re1 Bf8
23.Nd2 Bc6 24.h3  1/2-1/2

[Event "Copenhagen Cup IMB 2012"]
[Site "Copenhagen DEN"]
[Date "2012.10.20"]
[Round "6.2"]
[White "Rosenkilde,A"]
[Black "Ninov,N"]
[Result "0-1"]
[WhiteElo "2260"]
[BlackElo "2507"]

1.d4 Nf6 2.c4 e6 3.g3 c5 4.d5 exd5 5.cxd5 b5 6.e4 Nxe4 7.Qe2 Qe7 8.Bg2 Nd6
9.Be3 Bb7 10.Nc3 b4 11.Na4 Nf5 12.Bxc5 Qxe2+ 13.Nxe2 Na6 14.Bxf8 Rxf8 15.O-O Rc8
16.g4 Nh4 17.Be4 g6 18.g5 f5 19.Bh1 f4 20.Be4 f3 21.Nd4 Nc5 22.Nxc5 Rxc5
23.Rfe1 Kd8 24.Nb3 Rb5 25.Nd4 Rb6 26.Re3 Rf4 27.Rd1 Rg4+ 28.Kh1 Ng2 29.Nc6+ Bxc6
30.Rxf3 Rxe4 31.dxc6 Re1+ 32.Rxe1 Nxe1 33.Rf8+ Kc7 34.cxd7 Rd6 35.Rc8+ Kxd7
36.Rh8 Rd2 37.Rxh7+ Ke6 38.Rxa7 Rxf2 39.Ra6+ Ke5 40.Kg1 Rxb2 41.Rxg6 Nf3+
42.Kf1 Rxh2 43.Rb6 Kf4 44.Rh6 Rxa2 45.Re6 Kg3  0-1

[Event "NIT Nagpur GM Open 2012"]
[Site "Nagpur IND"]
[Date "2012.10.21"]
[Round "9.4"]
[White "Ghosh,D"]
[Black "Lalith,B"]
[Result "1/2-1/2"]
[WhiteElo "2415"]
[BlackElo "2540"]

1.d4 Nf6 2.c4 e6 3.g3 c5 4.d5 exd5 5.cxd5 b5 6.Nf3 Bb7 7.e4 Nxe4 8.Bg2 Be7
9.O-O O-O 10.Re1 Nd6 11.Bf4 Na6 12.Nc3 Nc7 13.Ne5 Re8 14.Nc6 dxc6 15.dxc6 Ba6
16.Rxe7 Rxe7 17.Bxd6 Re6 18.Bxc5 Qe8 19.h4 Rd8 20.Qf3 Rf6 21.Qe4 Re6 22.Qf3 Rf6  1/2-1/2

[Event "13th Liberec Open 2012"]
[Site "Liberec CZE"]
[Date "2012.10.22"]
[Round "3"]
[White "Sabuk,P"]
[Black "Plischki,S"]
[Result "1/2-1/2"]
[WhiteElo "2173"]
[BlackElo "2371"]

1.d4 Nf6 2.c4 e6 3.g3 c5 4.d5 exd5 5.cxd5 d6 6.Nc3 g6 7.Bg2 Bg7 8.Nf3 O-O
9.O-O Re8 10.a4 a6 11.Nd2 Nbd7 12.h3 Rb8 13.Nc4 Ne5 14.Na3 Nh5 15.e4 Bd7
16.a5 b5 17.axb6 Bb5 18.Naxb5 axb5 19.Nxb5 Qxb6 20.Na3 Qb3 21.Kh2 Qxd1 22.Rxd1 Rb3
23.Bf1 Nf6 24.f4 Ned7 25.e5 dxe5 26.Nc4 exf4 27.Bxf4 Nb6 28.Nxb6 Rxb6 29.Rab1 Rb7
30.Ba6 Rb6 31.Bc4 Rb7 32.Ba6 Rb6 33.Bc4 Rb7 34.b3 Nh5 35.Bg5 h6 36.Bd2 Be5
37.Be1 Bd6 38.Bf2 Nf6 39.Re1 Ne4 40.Bd3 f5 41.Re2 Kf7 42.Be1 Rbe7 43.Kg2 Nxg3
44.Rxe7+ Rxe7 45.Bxg3 Bxg3 46.Bxf5 gxf5 47.Kxg3 Re4 48.Rc1 Rb4 49.Rxc5 Rxb3+
50.Kf4 Rxh3 51.Kxf5 Ke7 52.Ke5  1/2-1/2

[Event "5th Douglas Martinez"]
[Site "Guarenas VEN"]
[Date "2012.10.28"]
[Round "5.6"]
[White "Ortega,Mariano"]
[Black "Bassan,R"]
[Result "1-0"]
[WhiteElo "2474"]
[BlackElo "2260"]

1.d4 Nf6 2.c4 e6 3.g3 c5 4.Nf3 d5 5.cxd5 Nxd5 6.Bg2 cxd4 7.O-O Bc5 8.Nxd4 O-O
9.Nb3 Bb6 10.Na3 a5 11.e4 Nb4 12.Nc4 Bc7 13.Be3 N8c6 14.a3 Nd3 15.Qc2 b5
16.Ncxa5 Nxa5 17.Rfd1 Nxb3 18.Qxb3 e5 19.Rxd3 Qe7 20.Qxb5 Ba6 21.Qd7 Qf6
22.Rc3 Ba5 23.Rc6 Bb5 24.Rxf6 Bxd7 25.Rd6 Be6 26.Rc1 Rfd8 27.Rxd8+ Bxd8 28.Bf1 h5
29.Bc4 Bg4 30.Kg2 h4 31.h3 Bd7 32.Bd5 Ra6 33.g4 Kf8 34.Bb7 Ra4 35.b3 Ra5
36.Bc8 Be8 37.a4 Bxa4 38.bxa4 Rxa4 39.Bb7 Ra2 40.Bd5 Rb2 41.Rc8 Ke7 42.Ra8 Rc2
43.Ra7+ Rc7 44.Bg5+ f6 45.Rxc7+ Bxc7 46.Bxh4 Ba5 47.g5 Bd2 48.gxf6+ gxf6
49.Kf3  1-0

[Event "16th OIBM 2012"]
[Site "Bad Wiessee GER"]
[Date "2012.10.29"]
[Round "3.9"]
[White "Sumets,A"]
[Black "Thiel,K"]
[Result "1-0"]
[WhiteElo "2627"]
[BlackElo "2229"]

1.d4 Nf6 2.c4 e6 3.g3 c5 4.Nf3 b6 5.d5 exd5 6.cxd5 d6 7.Bg2 g6 8.O-O Bg7
9.Nc3 O-O 10.Bf4 a6 11.a4 h6 12.h3 Re8 13.Qc1 g5 14.Bd2 Bf5 15.h4 g4 16.Nh2 Kh7
17.Bf4 Ra7 18.e4 Bg6 19.Qd1 Rae7 20.Nxg4 Nxe4 21.Bxe4 Rxe4 22.Nxe4 Rxe4 23.Qf3 Qe7
24.h5 Bxh5 25.Nf6+ Bxf6 26.Qxh5 Nd7 27.Bxd6 Qe8 28.Bf4 Bg7 29.Rad1 b5 30.axb5 axb5
31.Ra1 Nf8 32.Qf5+ Ng6 33.d6 Rxf4 34.gxf4 Kg8 35.Rfe1 Qd8 36.Ra7  1-0

[Event "WY BU16 2012"]
[Site "Maribor SLO"]
[Date "2012.11.08"]
[Round "1.3"]
[White "Wagner,De"]
[Black "Salomon,J"]
[Result "1-0"]
[WhiteElo "2456"]
[BlackElo "2070"]

1.d4 Nf6 2.c4 e6 3.g3 c5 4.d5 exd5 5.cxd5 d6 6.Bg2 g6 7.Nf3 Bg7 8.Nc3 O-O
9.O-O Na6 10.h3 Nc7 11.a4 a6 12.Nd2 Rb8 13.Nc4 b5 14.Na5 Bb7 15.axb5 axb5
16.Nc6 Bxc6 17.dxc6 b4 18.Na4 Qe7 19.Be3 Rfd8 20.Qd3 Nfe8 21.Rfd1 Ne6 22.Rac1 N8c7
23.h4 h5 24.Rd2 Bf6 25.Qc4 Qe8 26.b3 Nd4 27.Bf4 Qe6 28.Nxc5 dxc5 29.Bxc7 Nxb3
30.Rxd8+ Rxd8 31.Qxe6 fxe6 32.Bxd8 Bxd8 33.Rd1 Bb6 34.Rd7 c4 35.c7 Bxc7 36.Rxc7 Nd2
37.Be4 Nxe4 38.Rxc4 Nc3 39.Kf1 Na2 40.Rc2 Nc3 41.Rb2  1-0

[Event "WY BU14 2012"]
[Site "Maribor SLO"]
[Date "2012.11.16"]
[Round "9.39"]
[White "Zeynalli,Miradil"]
[Black "Lee,Deon"]
[Result "1-0"]
[WhiteElo "2027"]
[BlackElo "1842"]

1.d4 Nf6 2.c4 e6 3.g3 c5 4.d5 exd5 5.cxd5 d6 6.Nc3 g6 7.Nf3 Bg7 8.Nd2 a6
9.a4 Nbd7 10.e4 O-O 11.Nc4 Nb6 12.Ne3 a5 13.Bg2 Re8 14.O-O Bd7 15.h3 Qc7
16.Qc2 Nh5 17.Bd2 Reb8 18.Qd3 Bxc3 19.Qxc3 Nxa4 20.Qc2 b5 21.b3 Nb6 22.Bxa5 Qc8
23.g4 Nf4 24.Bc3 b4 25.Rxa8 Rxa8 26.Ba1 Bb5 27.Rd1 Nd7 28.Bf1 Bxf1 29.Kxf1 Qa6+
30.Kg1 f6 31.g5 Nxh3+ 32.Kg2 Nf4+ 33.Kf3 fxg5 34.Ng4 Qxa1 35.Rxa1 Rxa1 36.Qb2 Rh1
37.Nf6+ Nxf6 38.Qxf6 Rh3+ 39.Kg4 h6 40.Qd8+ Kg7 41.Qe7+ Kg8 42.Qe8+ Kg7 43.e5 dxe5
44.Qxe5+ Kf7 45.Qc7+ Kf6 46.Qd6+ Kf7 47.Qxc5 Rh4+ 48.Kf3 Rh3+ 49.Ke4 Rxb3
50.d6 Ne6 51.Qa7+ Kg8 52.Qa8+ Kg7 53.Qb7+ Kg8 54.Qc8+ Nf8 55.d7 Rc3 56.Qb8 Rc4+
57.Kd3 Rc1 58.Kd2 Rf1 59.Ke2 Ra1 60.d8=Q  1-0

[Event "WY BU18 2012"]
[Site "Maribor SLO"]
[Date "2012.11.17"]
[Round "10.19"]
[White "Lindgren,P"]
[Black "Leiva,G"]
[Result "0-1"]
[WhiteElo "2269"]
[BlackElo "2378"]

1.d4 Nf6 2.c4 e6 3.g3 c5 4.d5 exd5 5.cxd5 b5 6.Nf3 Bb7 7.e4 Nxe4 8.Bg2 Be7
9.O-O O-O 10.Re1 Nd6 11.Bf4 Na6 12.Nc3 b4 13.Na4 Rc8 14.b3 Re8 15.Qd3 Bf6
16.Rac1 Rxe1+ 17.Rxe1 Be7 18.h4 h6 19.Bh3 Bf8 20.Ne5 Nb8 21.Rc1 Qa5 22.Nxd7 c4
23.bxc4 Nxd7 24.Bxd7 Rc7 25.Bc6 Bxc6 26.dxc6 Rxc6 27.c5 Nb7 28.Qd7 Qxa4 29.Qxb7 Rxc5
30.Rxc5 Bxc5 31.Qc8+ Bf8 32.Be3 Qa5 33.Qb8 a6 34.Kh2 Qd5 35.Qc8 Qe6 36.Qa8 Qd6
37.Bf4 Qc5 38.Kg2 g5 39.Be3 Qb5 40.Qc8 a5 41.Qg4 Qd5+ 42.Kh2 Be7 43.hxg5 hxg5
44.Qc8+ Kg7 45.Qe8 Bf6 46.Qa4 Kf8 47.Bb6 Bd8 48.Bxd8 Qxd8 49.Qb5 Kg7 50.Qe5+ f6
51.Qc5 Kf7 52.Qf5 Kg7 53.Qc5 Kf7 54.Qf5 Ke7 55.Qh7+ Kd6 56.Qd3+ Kc7 57.Qb5 Kc8
58.Qc6+ Kb8 59.Qb5+ Ka7 60.Qc6 Qe7 61.Kh3 Qe5 62.Kg4 Qd4+ 63.f4 Qc3 64.Qb5 Qc8+
65.Kh5 Qc7 66.fxg5 fxg5 67.g4 Qh2+ 68.Kxg5 Qxa2 69.Qc5+ Kb7 70.Qb5+ Kc7 71.Qc5+ Kd7
72.Qa7+ Kc6 73.Qa8+ Kd6 74.Qb8+ Kc5 75.Qa7+ Kb5 76.Qd7+ Kc5 77.Qa7+ Kd6 78.Qb8+ Kd7
79.Qb7+ Ke6 80.Qe4+ Kd6 81.Qf4+ Kc5 82.Qe3+ Kd5 83.Qd3+ Ke6 84.Qe4+ Kd6 85.Qf4+ Ke7
86.Qe5+ Qe6 87.Qc7+ Kf8 88.Qxa5 b3 89.Qb5 Kf7 90.Kf4 Qf6+ 91.Ke3 Qc3+ 92.Qd3 Qc1+
93.Kd4 b2 94.Qh7+ Kf6 95.Qh4+ Ke6  0-1

[Event "WY BU16 2012"]
[Site "Maribor SLO"]
[Date "2012.11.17"]
[Round "10.16"]
[White "De Abreu,Roberto N"]
[Black "Petrov,N"]
[Result "0-1"]
[WhiteElo "1988"]
[BlackElo "2309"]

1.d4 Nf6 2.c4 e6 3.g3 c5 4.d5 exd5 5.cxd5 b5 6.Nf3 d6 7.Bg2 g6 8.O-O Bg7
9.Re1 O-O 10.e4 Bg4 11.Nbd2 Re8 12.a4 bxa4 13.Qxa4 Nbd7 14.h3 Nb6 15.Qc2 Bd7
16.Nc4 Nxc4 17.Qxc4 Rb8 18.Bg5 h6 19.Bxf6 Qxf6 20.Rxa7 Bb5 21.Qc2 Qxb2 22.Qxb2 Bxb2
23.Bf1 c4 24.e5 dxe5 25.d6 c3 26.Bxb5 Rxb5 27.d7 Rd8 28.Rc7 Rd5 29.Nxe5 f6
30.Ng4 Kf7 31.Nxh6+ Kg7 32.Re8 R8xd7 33.Rxd7+ Rxd7 34.Ng4 c2  0-1

[Event "TCh-BEL 2011-12"]
[Site "Belgium BEL"]
[Date "2012.11.20"]
[Round "4.8"]
[White "Bajraktari,S"]
[Black "Lafosse,J"]
[Result "0-1"]
[WhiteElo "1862"]
[BlackElo "2058"]

1.d4 Nf6 2.c4 e6 3.g3 c5 4.Nf3 cxd4 5.Bg2 e5 6.O-O d6 7.e3 dxe3 8.Bxe3 Nc6
9.Nc3 Be6 10.b3 Be7 11.Ng5 Bg4 12.Qc2 h6 13.Nge4 Nxe4 14.Qxe4 Be6 15.f4 f5
16.Qf3 e4 17.Qh5+ Kf8 18.g4 Bf6 19.Nd5 Bxa1 20.Rxa1 Bxd5 21.cxd5 Qf6 22.Rd1 Ne7
23.Bd4 Qf7 24.Qh3 Qg6 25.gxf5 Nxf5 26.Ba1 e3 27.Kh1 Re8 28.Bf3 Qf7 29.Bg4 e2
30.Re1 Qxd5+ 31.Bf3 Qd3 32.Qg2 Qd2 33.Qf2 Qxf4 34.Qg2 Re7 35.Qg4 Qxg4 36.Bxg4 Nh4
37.Bxe2 Nf3 38.Rf1 Rxe2 39.Rxf3+ Ke8 40.Bxg7 Rg8 41.Rg3 Rxa2 42.h4 Kf7 43.h5 Rxg7  0-1

[Event "62nd ch-HUN 2012"]
[Site "Heviz HUN"]
[Date "2012.11.23"]
[Round "2.5"]
[White "Erdos,V"]
[Black "Medvegy,Z"]
[Result "1/2-1/2"]
[WhiteElo "2640"]
[BlackElo "2561"]

1.d4 Nf6 2.c4 e6 3.g3 c5 4.d5 exd5 5.cxd5 d6 6.Nc3 g6 7.Bg2 Bg7 8.Nf3 O-O
9.O-O a6 10.a4 Re8 11.Bf4 Nh5 12.Bg5 Qc7 13.Rc1 Nd7 14.b4 b6 15.Qd2 Nhf6
16.Qf4 Nh5 17.Qd2 Nhf6 18.Bh6 Bh8 19.Qf4 Ne5 20.a5 Nh5 21.axb6 Qxb6 22.bxc5 Qxc5
23.Qd2 Qb4 24.Nxe5 Bxe5 25.Ne4 a5 26.Qa2 a4 27.Rb1 Qa5 28.Bd2 Qa6 29.Bc3 Bf5
30.Bxe5 Rxe5 31.Rb4 Bxe4 32.Bxe4 Nf6 33.Bd3  1/2-1/2

[Event "62nd ch-GRE 2012"]
[Site "Athens GRE"]
[Date "2012.11.24"]
[Round "1"]
[White "Galopoulos,N"]
[Black "Kapnisis,S"]
[Result "1/2-1/2"]
[WhiteElo "2372"]
[BlackElo "2457"]

1.d4 Nf6 2.c4 e6 3.g3 c5 4.Nf3 cxd4 5.Nxd4 d5 6.Bg2 e5 7.Nb3 d4 8.O-O Nc6
9.Bg5 Be7 10.e3 Bg4 11.Qd2 h6 12.Bxf6 Bxf6 13.exd4 Nxd4 14.Nxd4 Qxd4 15.Qxd4 exd4
16.Re1+ Be6 17.Bd5 O-O 18.Bxe6 fxe6 19.Nd2 d3 20.Ne4 Bxb2 21.Rab1 Bd4 22.Rxb7 Rac8
23.Rb3 Rxc4 24.Rxd3 Rf5 25.Kg2 Re5 26.f4 Rd5 27.Re2 Bb6 28.Rc3 Rxc3 29.Nxc3 Rd3
30.Ne4 Kf7 31.Nd2 Rd5  1/2-1/2

[Event "XXVI Belgrade Trophy 2012"]
[Site "Belgrade SRB"]
[Date "2012.11.27"]
[Round "4.11"]
[White "Spiric,I"]
[Black "Enchev,I"]
[Result "0-1"]
[WhiteElo "2275"]
[BlackElo "2411"]

1.d4 Nf6 2.c4 e6 3.g3 c5 4.Nf3 cxd4 5.Nxd4 Qc7 6.Nd2 Bc5 7.N2f3 O-O 8.a3 e5
9.Nb3 Be7 10.Bg2 d6 11.Qc2 d5 12.Bg5 dxc4 13.Nfd2 Be6 14.Rc1 Nbd7 15.Nxc4 Rac8
16.Nbd2 Bxc4 17.b3 Bxa3 18.Ra1 Be6  0-1

[Event "Lleida IM Closed 2012"]
[Site "Lleida ESP"]
[Date "2012.12.09"]
[Round "6.2"]
[White "Mellado Trivino,J"]
[Black "Esplugas Esteve,V1"]
[Result "1/2-1/2"]
[WhiteElo "2450"]
[BlackElo "2233"]

1.d4 e6 2.g3 Nf6 3.c4 c5 4.Nf3 cxd4 5.Nxd4 Nc6 6.Bg2 Bb4+ 7.Nc3 O-O 8.O-O Bxc3
9.bxc3 Qa5 10.Nb5 d5 11.Qb3 dxc4 12.Qxc4 e5 13.Nd6 Be6 14.Qh4 Qxc3 15.Bh6 Qd4
16.Qg5 Qg4  1/2-1/2

[Event "ITT Cerrado LAB IM 2012"]
[Site "Bogota COL"]
[Date "2012.12.17"]
[Round "1.1"]
[White "Arvola,B"]
[Black "Hevia,A"]
[Result "0-1"]
[WhiteElo "2285"]
[BlackElo "2508"]

1.d4 Nf6 2.c4 e6 3.g3 c5 4.d5 exd5 5.cxd5 d6 6.Bg2 g6 7.Bf4 Bg7 8.Qa4+ Bd7
9.Qb3 Qa5+ 10.Nd2 O-O 11.Bxd6 Re8 12.Nf3 Ne4 13.Bf4 c4 14.Qxb7 c3 15.Qxa8 cxd2+
16.Nxd2 Nxd2 17.Bxd2 Qb6 18.Be3 Qb4+ 19.Kf1 Qxb2 20.Rd1 Ba4 21.Re1 Bc3 22.Qxa7 Bb5
23.Rc1 Bd2 24.Bxd2 Qxd2 25.Qc5 Rxe2 26.Kg1 Nd7 27.Qxb5 Rxf2 28.Be4 Re2 29.Kf1 Rxe4
30.Qc6 Re3 31.Qc2 Re1+ 32.Rxe1 Qxc2 33.Rg1 Qd3+  0-1

[Event "Norberto La Porta Open A"]
[Site "Buenos Aires ARG"]
[Date "2012.12.22"]
[Round "6"]
[White "Goncalves,Cl"]
[Black "Benedetti,J"]
[Result "0-1"]
[WhiteElo "1892"]
[BlackElo "2117"]

1.d4 Nf6 2.g3 e6 3.c4 c5 4.e3 cxd4 5.exd4 d5 6.Bg2 Nc6 7.Nf3 dxc4 8.O-O Nd5
9.Qe2 Nb6 10.Rd1 Be7 11.Na3 Bxa3 12.bxa3 O-O 13.Ne5 Nxe5 14.Qxe5 Nd5 15.Re1 Qf6
16.Qe4 Bd7 17.h4 h6 18.Be3 Bc6 19.Qg4 Rac8 20.Rad1 Rfd8 21.Bc1 Nc3 22.Rd2 Bxg2
23.Kxg2 Rd5 24.Re3 Nb5 25.Rf3 Rxd4 26.Qh5 Qd8 27.Qxf7+ Kh8 28.Re2 Rd7 29.Qxe6 Nd4
30.Qe5 Nxf3 31.Kxf3 Qc7 32.Qh5 Qc6+ 33.Kg4 Rd4+ 34.Bf4 Rf8  0-1

[Event "88th Hastings Masters"]
[Site "Hastings ENG"]
[Date "2012.12.28"]
[Round "1.31"]
[White "Cekulis,Maris"]
[Black "Cafferty,B"]
[Result "0-1"]
[WhiteElo "1811"]
[BlackElo "2105"]

1.d4 e6 2.c4 Nf6 3.g3 c5 4.d5 exd5 5.cxd5 d6 6.Nc3 g6 7.Bg2 Bg7 8.Nf3 O-O
9.O-O a6 10.a4 Qe7 11.Nd2 Nbd7 12.Nc4 Ne5 13.Nxe5 Qxe5 14.Bf4 Qe7 15.Qd2 Rb8
16.a5 b5 17.e4 Nd7 18.Rae1 Ne5 19.Bxe5 Qxe5 20.Qc2 Bd7 21.Nd1 Qd4 22.Nc3 b4
23.Nd1 Bb5 24.Re3 b3 25.Qc1 Bh6 26.f4 g5 27.Rf2 c4 28.Nc3 Bd7 29.Qe1 Rfe8
30.Nd1 gxf4 31.gxf4 Bg7 32.Kh1 Re7 33.Nc3 Rbe8 34.f5 Qf6 35.Qf1 Re5 36.Rg3 Kh8
37.h3 Rc8 38.Ne2 Ree8 39.Nf4 Qh6 40.Rgf3 Rxe4 41.Ne6 Bf6 42.Rc3 Rh4 43.Qc1 Bb5
44.Qd1 Rg8 45.Nc7 Be5 46.Rcf3 Rd4 47.Qf1 Rd2  0-1

[Event "XXIII Krakow Open"]
[Site "Krakow POL"]
[Date "2012.12.30"]
[Round "5.1"]
[White "Baryshpolets,A"]
[Black "Stupak,K"]
[Result "1-0"]
[WhiteElo "2502"]
[BlackElo "2526"]

1.d4 e6 2.c4 Nf6 3.g3 c5 4.d5 exd5 5.cxd5 d6 6.Nc3 g6 7.Bg2 Bg7 8.Nf3 O-O
9.O-O Re8 10.Nd2 a6 11.a4 Nbd7 12.h3 Rb8 13.Nc4 Ne5 14.Na3 Nh5 15.e4 Bd7
16.a5 Qxa5 17.g4 Nf6 18.f4 Nexg4 19.hxg4 Nxg4 20.f5 h5 21.Bg5 Qb4 22.f6 Re5
23.Na2 Qa4 24.Qxa4 Bxa4 25.Bh4 Bf8 26.Nc4 Ree8 27.Bg3 Rbd8 28.Nc3 Bc2 29.Na5 Rd7
30.Bh3 b5 31.Bxg4 hxg4 32.Rf2 Bd3 33.Rd1 b4 34.Rxd3 bxc3 35.bxc3 Rxe4 36.Rf4 Rxf4
37.Bxf4 Kh7 38.Rg3 Bh6 39.Rxg4  1-0